|
|
|
|
| LEADER |
01414nam a2200373 a 4500 |
| 001 |
35793 |
| 003 |
BD-DhAAL |
| 005 |
20250527112437.0 |
| 008 |
230220t1991 enka b 001 0 eng d |
| 010 |
|
|
|a 92141184
|
| 020 |
|
|
|a 0304323888 (pbk.)
|
| 020 |
|
|
|a 0304323896
|
| 020 |
|
|
|a 9780304323883
|
| 040 |
|
|
|a DLC
|c DLC
|d BD-DhAAL
|
| 043 |
|
|
|a e-uk---
|
| 050 |
0 |
0 |
|a LC5808.G7
|b B67 1991
|
| 082 |
0 |
0 |
|a 374.13
|2 20
|
| 100 |
1 |
|
|a Bosworth, David P.
|9 39419
|
| 245 |
1 |
0 |
|a Open learning /
|c David P. Bosworth.
|
| 260 |
|
|
|a London ;
|a New York :
|b Cassell,
|c 1991.
|
| 300 |
|
|
|a vii, 167 pages :
|b illustrations ;
|c 22 cm.
|
| 490 |
1 |
|
|a Issues in education
|
| 504 |
|
|
|a Includes bibliographical references (pages 151-156) and indexes.
|
| 526 |
|
|
|a BIED
|
| 541 |
|
|
|a Complimentary copy from BIED
|e 35793
|
| 650 |
|
0 |
|a Distance education
|z Great Britain.
|9 39420
|
| 650 |
|
0 |
|a Adult education
|z Great Britain.
|9 39421
|
| 650 |
|
0 |
|a Educational technology
|z Great Britain.
|9 39422
|
| 650 |
|
0 |
|a Programmed instruction
|z Great Britain.
|9 39423
|
| 830 |
|
0 |
|a Issues in education (London, England)
|9 39424
|
| 852 |
|
|
|a Ayesha Abed Library
|c General Stacks
|
| 942 |
|
|
|2 ddc
|c BK
|
| 999 |
|
|
|c 42234
|d 42234
|
| 952 |
|
|
|0 0
|1 0
|2 ddc
|4 0
|6 374_130000000000000_BOS
|7 0
|9 67978
|a BRACUL
|b BRACUL
|c GEN
|d 2020-02-23
|e Complimentary copy from BIED
|l 0
|o 374.13 BOS
|p 3010035793
|r 2020-02-23
|t 1
|w 2020-02-23
|y BK
|x Transferred from BIED to General Stacks
|